000 00679 a2200217 4500
003 UA-OsUOA
005 20260317094835.0
008 260316b un ||||| |||| 00| 0 ukr d
040 _aUA-OsUOA
_beng
_cUA-OsUOA
_dUA-OsUOA
041 _aeng
080 _a94(477)
090 _a94(477)
_bK65
100 _aKolasky J.
_924469
245 _aEducation in Soviet Ukraine
_cJohn Kolasky
260 _bPeter Martin Associates Limited
_c1968
_aToronto
300 _a238 p.
650 _2UDC
_a94(477).07 Україна в складі СРСР (1922-1939)
_924470
942 _cBK
_2udc
955 _a1
999 _c580081
_d580081